| 000 | 00375nam a2200157 i 4500 | ||
|---|---|---|---|
| 001 | bg | ||
| 100 | 1 |
_aBIELECKI, Jan _d(?-2001). |
|
| 245 | 0 |
_aTurbo Pascal 5.0 : _bwersja profesjonalna / _cJan Bielecki. |
|
| 260 |
_aWarszawa, _c1989. |
||
| 650 | 9 | _aPascal | |
| 040 | _cBPK | ||
| 041 | _apol | ||
| 080 | _a004.438 | ||
| 942 | _cKS | ||
| 008 | s pl f |000 0 pol | ||
| 999 |
_c4059 _d4059 |
||
| 856 |
_uhttp://koha.tu.koszalin.pl/cgi-bin/koha/opac-detail.pl?biblionumber=4059 _yKatalog online BPK |
||